000 00457nam a22001697a 4500
003 NUST - PNEC
005 20170116181201.0
008 160217b xxu||||| |||| 00| 0 eng d
020 _a-
040 _cLIBRARY
082 _a297.2114 ARS
100 _916464
_aArshad al-Qadiri
245 _aZulf o Zanjeer with Lalazaar
_cAllama Arshad al-Qadiri
260 _aLahore:
_bZaviya Publications;
_c2007
650 _916465
_aIslam
_xGeneral
942 _2ddc
_cBK
999 _c71489
_d71489